000
00248nam a2200109Ia 4500
008
190216s9999||||xx |||||||||||||| ||und||
100
_a
Clifford D Simak
245
0
_a
Way Station
260
_b
Mathuen Paper Backs
650
_a
English
942
_c
BK
999
_c
12855
_d
12855